| 000 | 00740cac a22002291u 4500 | ||
|---|---|---|---|
| 090 | _c9414 | ||
| 008 | 081029t1989 xxu||||| |||| 00| 0 eng d | ||
| 010 | _a 88014990 | ||
| 020 | _a0023692421 | ||
| 082 | 0 | 0 |
_a001.42 _bLEE |
| 100 | 1 | _aLeedy, Paul D. | |
| 245 | 1 | 0 |
_aPractical research : _bplanning and design / _cPaul D. Leedy. |
| 250 | _a4th ed. | ||
| 260 |
_aNew York : _bMacmillan ; _aLondon : _bCollier Macmillan, _cc1989. |
||
| 300 |
_axi, 318 p. : _bill. ; _c28 cm. |
||
| 500 | _adistributer: al-Ahram | ||
| 504 | _aIncludes bibliographies and index. | ||
| 511 | _acatalogued by: wessam | ||
| 650 | 0 |
_aResearch _xMethodology. |
|
| 942 |
_cBB _k001.42LEE _2ddc |
||
| 999 |
_c9414 _d9414 |
||